Historiographie et épistémologie des sciences des religions
L’instance Terre et ses problèmes. Recherches polythéistes Nous avons essayé d’interroger à nouveaux frais la catégorie de « cht(h)onien », très couramment utilisée dans les descriptions archéologiques ou dans les travaux d’histoire des religions, mais objet actuellement de fortes critiques : au poi...
| Main Author: | |
|---|---|
| Format: | Electronic Article |
| Language: | French |
| Check availability: | HBZ Gateway |
| Interlibrary Loan: | Interlibrary Loan for the Fachinformationsdienste (Specialized Information Services in Germany) |
| Published: |
2010
|
| In: |
Annuaire
Year: 2010, Volume: 117, Pages: 381-383 |
| Further subjects: | B
Historiographie et épistémologie des sciences des religions
|
| Online Access: |
Volltext (kostenfrei) Volltext (kostenfrei) |
MARC
| LEADER | 00000naa a22000002c 4500 | ||
|---|---|---|---|
| 001 | 1806995328 | ||
| 003 | DE-627 | ||
| 005 | 20220615052614.0 | ||
| 007 | cr uuu---uuuuu | ||
| 008 | 220615s2010 xx |||||o 00| ||fre c | ||
| 024 | 7 | |a 10.4000/asr.881 |2 doi | |
| 035 | |a (DE-627)1806995328 | ||
| 035 | |a (DE-599)KXP1806995328 | ||
| 040 | |a DE-627 |b ger |c DE-627 |e rda | ||
| 041 | |a fre | ||
| 084 | |a 0 |2 ssgn | ||
| 100 | 1 | |a Koch Piettre, Renée |e VerfasserIn |4 aut | |
| 245 | 1 | 0 | |a Historiographie et épistémologie des sciences des religions |
| 264 | 1 | |c 2010 | |
| 336 | |a Text |b txt |2 rdacontent | ||
| 337 | |a Computermedien |b c |2 rdamedia | ||
| 338 | |a Online-Ressource |b cr |2 rdacarrier | ||
| 520 | |a L’instance Terre et ses problèmes. Recherches polythéistes Nous avons essayé d’interroger à nouveaux frais la catégorie de « cht(h)onien », très couramment utilisée dans les descriptions archéologiques ou dans les travaux d’histoire des religions, mais objet actuellement de fortes critiques : au point de se trouver quasi absent du récent THESCRA, s’agissant du moins de la Grèce ancienne. Cette catégorie historiographique allie la représentation du monde d’en-bas, c’est-à-dire des enfers, à ce... | ||
| 650 | 4 | |a Historiographie et épistémologie des sciences des religions | |
| 773 | 0 | 8 | |i Enthalten in |a École pratique des hautes études. Section des sciences religieuses |t Annuaire |d Paris : Sorbonne, 2008 |g 117(2010), Seite 381-383 |h Online-Ressource |w (DE-627)593558464 |w (DE-600)2483077-X |w (DE-576)304143545 |x 1969-6329 |7 nnas |
| 773 | 1 | 8 | |g volume:117 |g year:2010 |g pages:381-383 |
| 856 | |u http://journals.openedition.org/asr/pdf/881 |x unpaywall |z Vermutlich kostenfreier Zugang |h publisher [deprecated] | ||
| 856 | 4 | 0 | |u https://doi.org/10.4000/asr.881 |x Resolving-System |z kostenfrei |3 Volltext |7 0 |
| 856 | 4 | 0 | |u https://journals.openedition.org/asr/881 |x Verlag |z kostenfrei |3 Volltext |7 0 |
| 935 | |a mteo | ||
| 951 | |a AR | ||
| ELC | |a 1 | ||
| LOK | |0 000 xxxxxcx a22 zn 4500 | ||
| LOK | |0 001 4149997195 | ||
| LOK | |0 003 DE-627 | ||
| LOK | |0 004 1806995328 | ||
| LOK | |0 005 20220615052614 | ||
| LOK | |0 008 220615||||||||||||||||ger||||||| | ||
| LOK | |0 035 |a (DE-Tue135)IxTheo#2022-05-31#F79911B90E973635BE2CB93D736C71FF0DBA6720 | ||
| LOK | |0 040 |a DE-Tue135 |c DE-627 |d DE-Tue135 | ||
| LOK | |0 092 |o n | ||
| LOK | |0 852 |a DE-Tue135 | ||
| LOK | |0 852 1 |9 00 | ||
| LOK | |0 935 |a ixzs |a ixrk |a zota | ||
| LOK | |0 939 |a 15-06-22 |b l01 | ||
| OAS | |a 1 | ||
| ORI | |a SA-MARC-ixtheoa001.raw | ||
| REL | |a 1 | ||
| SUB | |a REL | ||



